Loading...
Fine Arts - Classical Music and Opera | 4 | 7 | 1 | 3 | 125 | 64 | 118.91 | 3 | 8 |
Beliefs | 0 | 2 | 0 | 2 | 20 | 137 | 147.00 | 0 | 0 |
History - European History | 0 | 2 | 0 | 1 | 20 | 130 | 135.50 | 0 | 0 |
Fine Arts - Other Fine Arts | 1 | 1 | 1 | 0 | 20 | 95 | 116.00 | 0 | 1 |
History - World History | 0 | 2 | 1 | 0 | 15 | 125 | 136.50 | 0 | 0 |
Fine Arts - Visual Fine Arts | 1 | 0 | 0 | 0 | 15 | 75 | 75.00 | 0 | 1 |
Science - Other Science | 0 | 2 | 1 | 1 | 15 | 76 | 109.00 | 0 | 0 |
Geography | 0 | 1 | 0 | 0 | 10 | 138 | 138.00 | 0 | 0 |
Modern World | 0 | 1 | 0 | 1 | 10 | 144 | 144.00 | 0 | 0 |
Philosophy | 0 | 1 | 0 | 0 | 10 | 120 | 120.00 | 0 | 0 |
Science - Astronomy | 0 | 1 | 0 | 0 | 10 | 113 | 113.00 | 1 | 1 |
Science - Earth Science | 0 | 1 | 0 | 0 | 10 | 133 | 133.00 | 0 | 0 |
Social Science | 0 | 1 | 1 | 0 | 5 | 121 | 121.00 | 0 | 0 |
Other Academic | 0 | 0 | 0 | 0 | 0 | 0.00 | 0 | 0 | |
History - Other History | 0 | 0 | 1 | 0 | -5 | 0.00 | 0 | 0 |